Nicolas Cage Filmography - Statistics

General Stats
  • This quiz has been taken 692 times
    129 since last reset
  • The average score is 31 of 129
Answer Stats
Type Year Name % Correct
Film 1997 Face/Off
69%
Film 2007 Ghost Rider
69%
Film 1997 Con Air
68%
Film 1995 Leaving Las Vegas
64%
Film 2004 National Treasure
64%
Film 2007 National Treasure: Book of Secrets
59%
Film 2021 Pig
59%
Film 1987 Raising Arizona
58%
Film 1996 The Rock
58%
Film 2018 Mandy
54%
Film 2002 Adaptation.
53%
Film 2022 The Unbearable Weight of Massive Talent
51%
Film 2000 Gone in 60 Seconds
47%
Film 1987 Moonstruck
47%
Film 2006 The Wicker Man
47%
Film 2023 Renfield
46%
Film 2018 Spider-Man: Into the Spider-Verse
42%
Film 2009 KNOW1NG
41%
Film 2005 Lord of War
41%
Film 2023 Dream Scenario
39%
Film 1998 Snake Eyes
39%
Film 1990 Wild at Heart
39%
Film 2011 Ghost Rider: Spirit of Vengeance
37%
TV Show 1992, 2012 Saturday Night Live
37%
Film 2005 The Weather Man
37%
Film 2003 Matchstick Men
36%
Film 2023 The Flash
36%
Film 1989 Vampire's Kiss
36%
Film 1984 Birdy
34%
Film 1982 Fast Times at Ridgemont High
34%
Film 2024 Longlegs
34%
Film 2013 The Croods
34%
Film 2000 The Family Man
34%
Film 1999 Bringing Out the Dead
32%
Film 2010 Kick-Ass
32%
Film 1983 Rumble Fish
32%
Film 2010 The Sorcerer's Apprentice
32%
Film 1999 8mm
31%
Film 1998 City of Angels
31%
Film 2019 Color Out of Space
31%
Film 2011 Season of the Witch
31%
Film 2021 Willy's Wonderland
31%
Film 2013 Joe
29%
Film 2009 Bad Lieutenant: Port of Call New Orleans
27%
Film 2023 Sympathy for the Devil
27%
Film 2020 The Croods: A New Age
27%
Film 1983 Valley Girl
27%
Film 2007 Next
25%
Film 1986 Peggy Sue Got Married
25%
Film 2024 The Surfer
25%
Film 2002 Windtalkers
25%
Film 2001 Captain Corelli's Mandolin
24%
Film 2011 Drive Angry
24%
Film 1992 Honeymoon in Vegas
24%
Film 1994 It Could Happen to You
24%
Film 2024 Arcadian
22%
Film 2006 The Ant Bully
22%
Film 2023 The Old Way
22%
Film 2008 Bangkok Dangerous
20%
Film 2009 G-Force
20%
Film 2014 Left Behind
20%
Film TBA Madden
20%
Film 2017 Mom and Dad
20%
Film 1993 Red Rock West
20%
Film 2027 Spider-Man: Beyond the Spider-Verse
20%
Film 2018 Teen Titans GO! To the Movies
20%
Film 1984 The Cotton Club
20%
Film 2023 The Retirement Plan
20%
Film 2006 World Trade Center
20%
Film 2009 Astro Boy
19%
Film 2020 Jiu Jitsu
19%
Film 2019 Primal
19%
Film 2021 Prisoners of the Ghostland
19%
Film 1994 Trapped in Paradise
19%
Film 2022 Butcher's Crossing
17%
Film 2016 Snowden
17%
Web Series 2026 Spider-Noir
17%
Film 2013 The Frozen Ground
17%
Film 2014 Dying of the Light
15%
Film 1994 Guarding Tess
15%
Film 2019 Running with the Devil
15%
Film 2002 Sonny
15%
Film 2011 Trespass
15%
Film 2016 USS Indianapolis: Men of Courage
15%
Film 1991 Zandalee
15%
Film 1993 Amos & Andrew
14%
Documentary Series 2021 History of Swear Words
14%
Film 2019 Kill Chain
14%
Film 1995 Kiss of Death
14%
Film 2015 Pay the Ghost
14%
Film 2014 Rage
14%
Film 2016 The Trust
14%
Film 2017 Vengeance: A Love Story
14%
Film 2019 A Score to Settle
12%
Film 1993 Deadfall
12%
Film 2016 Dog Eat Dog
12%
Film 2025 Gunslingers
12%
Film TBA Lords of War
12%
Film 2014 Outcast
12%
Film 2011 Seeking Justice
12%
Film 2012 Stolen
12%
Film 2025 The Carpenter's Son
12%
Film 2015 The Runner
12%
Film 2018 211
10%
Film 2017 Arsenal
10%
Film 1990 Fire Birds
10%
Film 1989 Never on Tuesday
10%
Film 1984 Racing with the Moon
10%
Film 1986 The Boy in Blue
10%
Film 2018 Between Worlds
8%
Film 2001 Christmas Carol: The Movie
8%
Film 2019 Grand Isle
8%
Film 2018 Looking Glass
8%
Film 2018 The Humanity Bureau
8%
Film 1989 Time to Kill
8%
Film 2007 Grindhouse
7%
Film 2017 Inconceivable
7%
TV Film 1990 Industrial Symphony No. 1: The Dream of the Brokenhearted
7%
Documentary 2019 Love, Antosha
7%
TV Pilot 1981 The Best of Times
7%
Film TBA The Prince
7%
Film 2016 Army of One
5%
Documentary Series 2023 60 Minutes
3%
Short Film 2007 Werewolf Women of the S.S.
3%
Documentary 2018 Becoming Iconic
2%
TV Show 1994 Hi Octane
2%
TV Special 2002 Hollywood Salutes Nicolas Cage: An American Cinematheque Tribute
2%
Commercial 1999 Sankyo Pachinko Machines
0%
TV Show 2001 Wild On...
0%
No matching quizzes found
Score Distribution
Percent of People with Each Score
Percentile by Number Answered
Your Score History
You have not taken this quiz since the last reset